000 01060nam a2200277 i 4500
001 117929
003 ES-MaACL
005 20231221152303.0
007 t|
008 070214s1907 sp r ||||1| spa d
080 _a821.134.2-31"18"
080 _a821.134.2-32"18"
100 1 _aPerera, Arturo.
_990520
245 1 3 _aLa confesión de un confesor :
_b(de una causa célebre) /
_cpor Arturo Perera ; carta-prólogo del Excmo. Sr. D. José Canalejas.
250 _a2ª ed.
260 _aMadrid :
_b[s.n.],
_c[ca. 1907] (
_fR. Velasco, imp.)
300 _aX, 133 p. ;
_c17 cm.
505 8 _aContiene: Andrés o no hay mal fin por buen camino.
530 _aDisponible en formato digital.
596 _aFecha tomada de Palau.
700 1 _aCanalejas, José,
_d1854-1912
_934382
740 0 2 _aAndrés o no hay mal fin por buen camino.
852 4 _aES-MaACL
_jT-36-F-1
_z- Dedicatoria autógrafa del autor
856 4 _uhttp://bdh-rd.bne.es/viewer.vm?id=0000178621&page=1
_zBiblioteca Digital Hispánica
999 _c117929
_d117929